[Event "Greek Team Championship"]
[Site "chess24.com"]
[Date "2017.07.07"]
[Round "6"]
[White "Giannoulaki, Ermofili"]
[Black "Louka, Marianthi"]
[Result "0-1"]
[Board "7"]
[WhiteElo "1220"]
[WhiteCountry "GRE"]
[WhiteFideId "25804278"]
[WhiteEloChange "-3"]
[BlackElo "1490"]
[BlackCountry "GRE"]
[BlackFideId "4285026"]
[BlackEloChange "3"]

1. d4 {[%clk 1:30:58]} Nf6 {[%clk 1:30:57]} 2. c4 {[%clk 1:31:23]} e6 {[%clk
1:31:23]} 3. Nc3 {[%clk 1:31:48]} Bb4 {[%clk 1:31:44]} 4. e3 {[%clk 1:32:06]} O-O
{[%clk 1:31:59]} 5. Bd3 {[%clk 1:32:22]} b6 {[%clk 1:32:17]} 6. Nf3 {[%clk
1:32:41]} Bb7 {[%clk 1:31:33]} 7. O-O {[%clk 1:32:58]} Re8 {[%clk 1:22:43]} 8. a3
{[%clk 1:29:05]} Bxc3 {[%clk 1:23:00]} 9. bxc3 {[%clk 1:29:26]} d6 {[%clk
1:23:07]} 10. Rb1 {[%clk 1:20:02]} Nbd7 {[%clk 1:22:23]} 11. e4 {[%clk 1:16:26]}
Nxe4 {[%clk 1:10:49]} 12. Rb2 {[%clk 0:59:09]} e5 {[%clk 1:00:49]} 13. Re1 {[%clk
0:56:33]} Nef6 {[%clk 0:38:53]} 14. Ng5 {[%clk 0:46:34]} h6 {[%clk 0:36:13]} 15.
Ne4 {[%clk 0:42:49]} exd4 {[%clk 0:34:08]} 16. Nxf6+ {[%clk 0:41:08]} Qxf6 {[%clk
0:33:38]} 17. Rxe8+ {[%clk 0:34:11]} Rxe8 {[%clk 0:33:58]} 18. cxd4 {[%clk
0:34:22]} Qxd4 {[%clk 0:27:16]} 19. Kf1 {[%clk 0:18:50]} Qf6 {[%clk 0:27:12]} 20.
Qa4 {[%clk 0:15:55]} Qc3 {[%clk 0:21:38]} 21. Qd1 {[%clk 0:15:07]} Nc5 {[%clk
0:21:17]} 22. Rd2 {[%clk 0:11:34]} Nxd3 {[%clk 0:19:51]} 23. Rxd3 {[%clk
0:11:32]} Qxc4 {[%clk 0:19:59]} 0-1

[Event "Greek Team Championship"]
[Site "chess24.com"]
[Date "2017.07.07"]
[Round "6"]
[White "Vlahakis, Nikos"]
[Black "Karzias, Christos"]
[Result "1-0"]
[Board "8"]
[WhiteElo "1563"]
[WhiteCountry "GRE"]
[WhiteFideId "4228367"]
[WhiteEloChange "14"]
[BlackElo "1718"]
[BlackCountry "GRE"]
[BlackFideId "4254902"]
[BlackEloChange "-14"]

1. d4 {[%clk 1:30:54]} Nf6 {[%clk 1:30:53]} 2. Bf4 {[%clk 1:30:56]} g6 {[%clk
1:27:01]} 3. Nf3 {[%clk 1:30:59]} Bg7 {[%clk 1:27:04]} 4. e3 {[%clk 1:31:15]} d6
{[%clk 1:27:29]} 5. h3 {[%clk 1:31:17]} O-O {[%clk 1:27:40]} 6. Be2 {[%clk
1:31:26]} b6 {[%clk 1:27:54]} 7. O-O {[%clk 1:30:38]} Bb7 {[%clk 1:28:16]} 8.
Nbd2 {[%clk 1:30:25]} Nbd7 {[%clk 1:28:40]} 9. c3 {[%clk 1:27:23]} Re8 {[%clk
1:28:59]} 10. Bh2 {[%clk 1:26:38]} e5 {[%clk 1:24:51]} 11. dxe5 {[%clk 1:16:21]}
dxe5 {[%clk 1:13:12]} 12. Nc4 {[%clk 1:11:11]} Ne4 {[%clk 1:06:56]} 13. Qc2
{[%clk 1:07:26]} Qe7 {[%clk 1:04:41]} 14. Rad1 {[%clk 1:00:43]} Rad8 {[%clk
1:03:03]} 15. Nfd2 {[%clk 0:53:49]} Ng5 {[%clk 0:44:39]} 16. e4 {[%clk 0:44:20]}
Ne6 {[%clk 0:40:28]} 17. Ne3 {[%clk 0:37:09]} Nf4 {[%clk 0:38:33]} 18. Bc4 {[%clk
0:35:50]} Qg5 {[%clk 0:31:30]} 19. Nf3 {[%clk 0:30:05]} Nxh3+ {[%clk 0:28:57]}
20. Kh1 {[%clk 0:30:01]} Qh5 {[%clk 0:29:07]} 21. Nd5 {[%clk 0:19:29]} c6 {[%clk
0:24:53]} 22. Ne3 {[%clk 0:14:45]} Bh8 {[%clk 0:22:43]} 23. Qb3 {[%clk 0:12:16]}
Rf8 {[%clk 0:22:08]} 24. Be6 {[%clk 0:06:55]} fxe6 {[%clk 0:19:53]} 25. Qxe6+
{[%clk 0:07:20]} Rf7 {[%clk 0:20:14]} 26. Rxd7 {[%clk 0:03:38]} Rxd7 {[%clk
0:20:29]} 27. Qe8+ {[%clk 0:04:05]} Kg7 {[%clk 0:18:34]} 28. Bxe5+ {[%clk
0:04:30]} Kh6 {[%clk 0:18:33]} 29. Qxh8 {[%clk 0:01:35]} Nxf2+ {[%clk 0:12:37]}
30. Kg1 {[%clk 0:01:56]} Ng4 {[%clk 0:10:53]} 31. Nf5+ {[%clk 0:00:44]} Rxf5
{[%clk 0:09:34]} 32. exf5 {[%clk 0:01:07]} Qxf5 {[%clk 0:09:59]} 33. Nh2 {[%clk
0:00:45]} Rd1 {[%clk 0:06:51]} 34. Qg7+ {[%clk 0:00:36]} Kg5 {[%clk 0:06:08]} 35.
Nf3+ {[%clk 0:00:53]} Kh5 {[%clk 0:05:46]} 36. Rxd1 {[%clk 0:01:02]} 1-0

[Event "Greek Team Championship"]
[Site "chess24.com"]
[Date "2017.07.07"]
[Round "6"]
[White "Sotiropoulos, Anastasios-Theohar"]
[Black "Beliotis, Georgios"]
[Result "1-0"]
[Board "9"]
[WhiteElo "1757"]
[WhiteCountry "GRE"]
[WhiteFideId "4292243"]
[WhiteEloChange "18"]
[BlackElo "2107"]
[BlackCountry "GRE"]
[BlackFideId "4231945"]
[BlackEloChange "-18"]

1. d4 {[%clk 1:30:57]} Nf6 {[%clk 1:30:53]} 2. Nf3 {[%clk 1:31:16]} g6 {[%clk
1:31:13]} 3. g3 {[%clk 1:31:42]} Bg7 {[%clk 1:31:36]} 4. Bg2 {[%clk 1:32:08]} O-O
{[%clk 1:31:55]} 5. O-O {[%clk 1:32:35]} d5 {[%clk 1:32:19]} 6. c4 {[%clk
1:31:40]} Nc6 {[%clk 1:32:42]} 7. cxd5 {[%clk 1:28:04]} Nxd5 {[%clk 1:33:05]} 8.
Nc3 {[%clk 1:27:54]} Nb6 {[%clk 1:33:19]} 9. e3 {[%clk 1:18:39]} Re8 {[%clk
1:33:32]} 10. d5 {[%clk 1:15:00]} Nb4 {[%clk 1:29:14]} 11. e4 {[%clk 1:11:59]} c6
{[%clk 1:27:56]} 12. a3 {[%clk 1:07:22]} Na6 {[%clk 1:28:10]} 13. dxc6 {[%clk
1:04:40]} Qxd1 {[%clk 1:26:40]} 14. Rxd1 {[%clk 1:04:50]} bxc6 {[%clk 1:27:02]}
15. Be3 {[%clk 0:56:33]} Nc4 {[%clk 1:24:35]} 16. Rab1 {[%clk 0:54:51]} Nxe3
{[%clk 1:23:18]} 17. fxe3 {[%clk 0:55:10]} Rb8 {[%clk 1:19:12]} 18. Nd4 {[%clk
0:46:11]} Bg4 {[%clk 1:07:25]} 19. Rdc1 {[%clk 0:38:34]} Bh6 {[%clk 1:00:24]} 20.
Kf2 {[%clk 0:38:11]} Nc5 {[%clk 0:56:17]} 21. Bf1 {[%clk 0:38:04]} e5 {[%clk
0:35:17]} 22. Nxc6 {[%clk 0:26:20]} Rb6 {[%clk 0:33:44]} 23. b4 {[%clk 0:26:02]}
Rxc6 {[%clk 0:26:45]} 24. bxc5 {[%clk 0:26:26]} Rf6+ {[%clk 0:03:15]} 25. Ke1
{[%clk 0:26:51]} Rf3 {[%clk 0:03:20]} 26. Nd5 {[%clk 0:25:52]} Bxe3 {[%clk
0:03:26]} 27. Be2 {[%clk 0:12:20]} Bxc1 {[%clk 0:02:58]} 28. Rxc1 {[%clk
0:12:35]} Kf8 {[%clk 0:01:59]} 29. Bxf3 {[%clk 0:05:46]} Bxf3 {[%clk 0:02:24]}
30. Kf2 {[%clk 0:06:07]} Bh5 {[%clk 0:01:56]} 31. g4 {[%clk 0:06:27]} Bxg4 {[%clk
0:02:10]} 32. Nf6 {[%clk 0:06:53]} Be6 {[%clk 0:02:11]} 33. Nxe8 {[%clk 0:07:15]}
Kxe8 {[%clk 0:02:39]} 34. c6 {[%clk 0:04:56]} Kd8 {[%clk 0:03:06]} 35. c7+ {[%clk
0:05:05]} Kc8 {[%clk 0:03:30]} 36. Ke3 {[%clk 0:05:09]} h5 {[%clk 0:02:12]} 37.
Rc5 {[%clk 0:04:30]} h4 {[%clk 0:02:07]} 38. Kd3 {[%clk 0:03:54]} g5 {[%clk
0:02:01]} 39. Rxe5 {[%clk 0:03:48]} Kxc7 {[%clk 0:02:24]} 40. Rxg5 {[%clk
0:34:12]} a6 {[%clk 0:31:13]} 41. Rh5 {[%clk 0:33:53]} h3 {[%clk 0:31:20]} 42.
Kd4 {[%clk 0:34:05]} Kd6 {[%clk 0:31:19]} 43. Rh8 {[%clk 0:33:03]} Bd7 {[%clk
0:30:32]} 44. Rb8 {[%clk 0:31:32]} a5 {[%clk 0:27:45]} 45. Rb6+ {[%clk 0:25:58]}
Bc6 {[%clk 0:26:55]} 46. e5+ {[%clk 0:25:32]} Kc7 {[%clk 0:26:54]} 47. Kc5 {[%clk
0:25:54]} Bd7 {[%clk 0:27:08]} 48. Rf6 {[%clk 0:19:53]} Be8 {[%clk 0:26:37]} 49.
Rf3 {[%clk 0:20:13]} 1-0

[Event "Greek Team Championship"]
[Site "chess24.com"]
[Date "2017.07.07"]
[Round "6"]
[White "Athanasopoulos, Theodoros"]
[Black "Gkaripis, Marios Ilias"]
[Result "0-1"]
[Board "10"]
[WhiteElo "1297"]
[WhiteCountry "GRE"]
[WhiteFideId "25842722"]
[WhiteEloChange "-13"]
[BlackElo "1187"]
[BlackCountry "GRE"]
[BlackFideId "25825801"]
[BlackEloChange "13"]

1. d4 {[%clk 1:30:56]} d5 {[%clk 1:30:49]} 2. Bf4 {[%clk 1:31:19]} Nf6 {[%clk
1:31:00]} 3. Nf3 {[%clk 1:31:37]} Bg4 {[%clk 1:30:18]} 4. e3 {[%clk 1:31:17]}
Nbd7 {[%clk 1:29:35]} 5. Nbd2 {[%clk 1:31:20]} e6 {[%clk 1:28:53]} 6. Bd3 {[%clk
1:30:40]} Nh5 {[%clk 1:27:27]} 7. Bg3 {[%clk 1:31:00]} Nxg3 {[%clk 1:27:07]} 8.
hxg3 {[%clk 1:31:22]} Bd6 {[%clk 1:26:02]} 9. c3 {[%clk 1:30:04]} Qe7 {[%clk
1:22:01]} 10. Qc2 {[%clk 1:29:54]} Nf6 {[%clk 1:14:01]} 11. O-O-O {[%clk
1:27:20]} O-O-O {[%clk 1:10:30]} 12. Rh4 {[%clk 1:22:55]} h6 {[%clk 1:05:19]} 13.
Rdh1 {[%clk 1:22:58]} Bxf3 {[%clk 1:03:05]} 14. gxf3 {[%clk 1:20:47]} c5 {[%clk
0:59:28]} 15. dxc5 {[%clk 1:14:37]} Bxc5 {[%clk 0:59:32]} 16. Ra4 {[%clk
1:14:33]} Bb6 {[%clk 0:55:26]} 17. c4 {[%clk 1:11:37]} Kb8 {[%clk 0:53:44]} 18.
Kb1 {[%clk 1:06:31]} Rc8 {[%clk 0:49:53]} 19. b4 {[%clk 0:58:48]} dxc4 {[%clk
0:45:54]} 20. Nxc4 {[%clk 0:57:48]} Nd5 {[%clk 0:43:39]} 21. Qb3 {[%clk 0:56:36]}
Qf6 {[%clk 0:39:02]} 22. Rc1 {[%clk 0:41:13]} Qxf3 {[%clk 0:33:15]} 23. Rc2
{[%clk 0:38:06]} Qd1+ {[%clk 0:27:55]} 24. Kb2 {[%clk 0:38:07]} Bd8 {[%clk
0:18:24]} 25. e4 {[%clk 0:37:00]} Nb6 {[%clk 0:18:24]} 26. Ra5 {[%clk 0:30:44]}
Nxc4+ {[%clk 0:16:05]} 27. Rxc4 {[%clk 0:31:04]} Qxb3+ {[%clk 0:15:47]} 28. Kxb3
{[%clk 0:31:26]} Bxa5 {[%clk 0:15:38]} 29. bxa5 {[%clk 0:31:41]} Rhd8 {[%clk
0:14:39]} 0-1

[Event "Greek Team Championship"]
[Site "chess24.com"]
[Date "2017.07.07"]
[Round "6"]
[White "Lupulescu, Constantin"]
[Black "Kanakaris, Georgios"]
[Result "1-0"]
[Board "1"]
[WhiteElo "2635"]
[WhiteTitle "GM"]
[WhiteCountry "ROU"]
[WhiteFideId "1207822"]
[WhiteEloChange "2"]
[BlackElo "2359"]
[BlackCountry "GRE"]
[BlackFideId "4209460"]
[BlackEloChange "-3"]

1. e4 {[%clk 1:29:41]} c5 {[%clk 1:30:50]} 2. Nf3 {[%clk 1:30:07]} d6 {[%clk
1:31:12]} 3. Bb5+ {[%clk 1:30:33]} Bd7 {[%clk 1:31:30]} 4. Bxd7+ {[%clk 1:30:59]}
Qxd7 {[%clk 1:31:53]} 5. c4 {[%clk 1:31:25]} Nc6 {[%clk 1:31:51]} 6. d4 {[%clk
1:30:23]} cxd4 {[%clk 1:30:23]} 7. Nxd4 {[%clk 1:30:36]} Nf6 {[%clk 1:30:40]} 8.
Nc3 {[%clk 1:29:57]} e6 {[%clk 1:29:44]} 9. O-O {[%clk 1:28:47]} Be7 {[%clk
1:29:46]} 10. b3 {[%clk 1:25:03]} O-O {[%clk 1:28:44]} 11. Bb2 {[%clk 1:23:26]}
a6 {[%clk 1:24:50]} 12. Nxc6 {[%clk 1:17:40]} Qxc6 {[%clk 1:23:48]} 13. Qe2
{[%clk 1:16:48]} Rfb8 {[%clk 1:14:35]} 14. Rac1 {[%clk 1:06:50]} Qe8 {[%clk
1:08:21]} 15. a4 {[%clk 1:06:08]} Nd7 {[%clk 1:03:45]} 16. Rfd1 {[%clk 0:54:22]}
Nc5 {[%clk 0:59:31]} 17. Qc2 {[%clk 0:53:30]} Rc8 {[%clk 0:59:33]} 18. Ba1 {[%clk
0:48:53]} Rab8 {[%clk 0:55:47]} 19. Kh1 {[%clk 0:45:15]} e5 {[%clk 0:50:32]} 20.
Rb1 {[%clk 0:41:53]} Ne6 {[%clk 0:48:35]} 21. Qd3 {[%clk 0:38:34]} Nc7 {[%clk
0:36:41]} 22. b4 {[%clk 0:33:19]} a5 {[%clk 0:29:47]} 23. bxa5 {[%clk 0:32:16]}
Na6 {[%clk 0:29:56]} 24. Nd5 {[%clk 0:26:02]} Bd8 {[%clk 0:27:53]} 25. Rb5 {[%clk
0:25:53]} Rc5 {[%clk 0:21:24]} 26. Bc3 {[%clk 0:23:51]} Qc6 {[%clk 0:16:59]} 27.
Ne3 {[%clk 0:20:16]} Be7 {[%clk 0:17:25]} 28. Qb1 {[%clk 0:15:21]} Nc7 {[%clk
0:14:48]} 29. Bb4 {[%clk 0:14:22]} Nxb5 {[%clk 0:13:49]} 30. axb5 {[%clk
0:13:07]} Qc8 {[%clk 0:14:13]} 31. Bxc5 {[%clk 0:12:52]} Qxc5 {[%clk 0:14:39]}
32. Qb3 {[%clk 0:10:22]} Ra8 {[%clk 0:14:46]} 33. Rd5 {[%clk 0:10:15]} Qc8 {[%clk
0:13:17]} 34. Qb4 {[%clk 0:09:01]} g6 {[%clk 0:13:24]} 35. Rd1 {[%clk 0:08:53]}
Qe6 {[%clk 0:11:54]} 36. Nd5 {[%clk 0:08:40]} Bd8 {[%clk 0:12:13]} 37. Ra1 {[%clk
0:06:19]} Qg4 {[%clk 0:12:32]} 38. f3 {[%clk 0:05:49]} Qg5 {[%clk 0:12:56]} 39.
h3 {[%clk 0:05:08]} Kg7 {[%clk 0:12:17]} 40. a6 {[%clk 0:34:30]} bxa6 {[%clk
0:38:02]} 41. bxa6 {[%clk 0:30:36]} Rxa6 {[%clk 0:33:21]} 42. Rxa6 {[%clk
0:30:58]} Qc1+ {[%clk 0:33:48]} 43. Kh2 {[%clk 0:31:24]} Bg5 {[%clk 0:34:12]} 44.
Qb6 {[%clk 0:30:37]} 1-0

[Event "Greek Team Championship"]
[Site "chess24.com"]
[Date "2017.07.07"]
[Round "6"]
[White "Vafiadis, Kleanthis"]
[Black "Lubbe, Nikolas"]
[Result "0-1"]
[Board "2"]
[WhiteElo "2235"]
[WhiteCountry "GRE"]
[WhiteFideId "4201850"]
[WhiteEloChange "-3"]
[BlackElo "2505"]
[BlackTitle "IM"]
[BlackCountry "GER"]
[BlackFideId "4694031"]
[BlackEloChange "2"]

1. d4 {[%clk 1:30:57]} Nf6 {[%clk 1:29:29]} 2. Nf3 {[%clk 1:30:58]} b6 {[%clk
1:28:55]} 3. c4 {[%clk 1:30:15]} e6 {[%clk 1:29:02]} 4. Nc3 {[%clk 1:30:37]} Bb4
{[%clk 1:25:36]} 5. e3 {[%clk 1:30:33]} Ne4 {[%clk 1:24:31]} 6. Qc2 {[%clk
1:26:54]} Bb7 {[%clk 1:24:25]} 7. Bd3 {[%clk 1:24:11]} f5 {[%clk 1:24:39]} 8. O-O
{[%clk 1:24:16]} Bxc3 {[%clk 1:23:53]} 9. bxc3 {[%clk 1:24:39]} O-O {[%clk
1:23:58]} 10. Nd2 {[%clk 1:20:40]} Qh4 {[%clk 1:21:18]} 11. f3 {[%clk 1:20:43]}
Nxd2 {[%clk 1:17:05]} 12. Bxd2 {[%clk 1:21:06]} Nc6 {[%clk 1:15:34]} 13. Rab1
{[%clk 1:13:08]} d6 {[%clk 1:03:15]} 14. e4 {[%clk 1:09:18]} fxe4 {[%clk
1:01:36]} 15. Bxe4 {[%clk 1:09:32]} Na5 {[%clk 1:00:07]} 16. Bxb7 {[%clk
1:05:45]} Nxb7 {[%clk 1:00:34]} 17. Qa4 {[%clk 1:06:04]} Qe7 {[%clk 0:42:52]} 18.
Rfe1 {[%clk 1:05:07]} Na5 {[%clk 0:41:02]} 19. d5 {[%clk 1:01:59]} Qe8 {[%clk
0:31:46]} 20. Qc2 {[%clk 1:00:44]} e5 {[%clk 0:30:35]} 21. Re4 {[%clk 0:47:31]}
Qg6 {[%clk 0:29:22]} 22. Qd3 {[%clk 0:47:54]} Nb7 {[%clk 0:28:38]} 23. Qf1 {[%clk
0:38:58]} Qxe4 {[%clk 0:24:26]} 24. fxe4 {[%clk 0:39:23]} Rxf1+ {[%clk 0:24:53]}
25. Kxf1 {[%clk 0:38:00]} Nc5 {[%clk 0:24:53]} 26. Re1 {[%clk 0:37:58]} Rf8+
{[%clk 0:25:02]} 27. Kg1 {[%clk 0:38:06]} Nd3 {[%clk 0:24:10]} 28. Re3 {[%clk
0:36:21]} Nb2 {[%clk 0:24:19]} 29. Rf3 {[%clk 0:36:45]} Nxc4 {[%clk 0:19:14]} 30.
Bg5 {[%clk 0:36:35]} Rc8 {[%clk 0:13:12]} 31. Kf2 {[%clk 0:36:00]} h6 {[%clk
0:12:07]} 32. Bc1 {[%clk 0:36:12]} c6 {[%clk 0:11:46]} 33. dxc6 {[%clk 0:36:31]}
Rxc6 {[%clk 0:11:46]} 34. Ke2 {[%clk 0:36:46]} b5 {[%clk 0:10:39]} 35. Kd3 {[%clk
0:36:21]} Ra6 {[%clk 0:11:00]} 36. Rf2 {[%clk 0:36:16]} Ra4 {[%clk 0:10:35]} 37.
Be3 {[%clk 0:28:41]} Nxe3 {[%clk 0:09:20]} 38. Kxe3 {[%clk 0:29:04]} Ra3 {[%clk
0:09:42]} 39. Kd3 {[%clk 0:20:02]} b4 {[%clk 0:10:05]} 40. Rc2 {[%clk 0:49:19]}
Kf7 {[%clk 0:39:56]} 41. Kc4 {[%clk 0:49:41]} bxc3 {[%clk 0:39:56]} 42. Kb4
{[%clk 0:49:22]} Ra6 {[%clk 0:40:23]} 0-1

[Event "Greek Team Championship"]
[Site "chess24.com"]
[Date "2017.07.07"]
[Round "6"]
[White "Kofidis, Andreas"]
[Black "Papakonstantinou, Dimitrios"]
[Result "0-1"]
[Board "3"]
[WhiteElo "2381"]
[WhiteTitle "IM"]
[WhiteCountry "GRE"]
[WhiteFideId "4200217"]
[WhiteEloChange "-15"]
[BlackElo "2207"]
[BlackCountry "GRE"]
[BlackFideId "4218655"]
[BlackEloChange "15"]

1. e4 {[%clk 1:30:57]} d6 {[%clk 1:30:51]} 2. d4 {[%clk 1:31:07]} Nf6 {[%clk
1:31:16]} 3. Nc3 {[%clk 1:31:33]} c6 {[%clk 1:31:41]} 4. Nf3 {[%clk 1:31:55]} b5
{[%clk 1:31:39]} 5. a3 {[%clk 1:32:14]} Qc7 {[%clk 1:30:01]} 6. Be2 {[%clk
1:29:36]} e5 {[%clk 1:30:05]} 7. O-O {[%clk 1:29:36]} Be7 {[%clk 1:29:16]} 8. h3
{[%clk 1:29:26]} O-O {[%clk 1:28:56]} 9. Be3 {[%clk 1:29:15]} Nbd7 {[%clk
1:27:10]} 10. Qd2 {[%clk 1:16:59]} Bb7 {[%clk 1:25:32]} 11. Rfd1 {[%clk 1:06:25]}
Rfd8 {[%clk 1:18:31]} 12. d5 {[%clk 0:59:19]} a6 {[%clk 1:14:21]} 13. dxc6 {[%clk
0:59:16]} Bxc6 {[%clk 1:13:47]} 14. Nd5 {[%clk 0:59:41]} Bxd5 {[%clk 1:13:24]}
15. exd5 {[%clk 1:00:00]} Nb6 {[%clk 1:13:35]} 16. Bxb6 {[%clk 0:58:22]} Qxb6
{[%clk 1:13:56]} 17. Qb4 {[%clk 0:44:49]} Rdc8 {[%clk 1:02:28]} 18. c3 {[%clk
0:43:15]} Rc5 {[%clk 1:00:34]} 19. a4 {[%clk 0:41:32]} Rb8 {[%clk 0:58:10]} 20.
axb5 {[%clk 0:40:42]} axb5 {[%clk 0:55:49]} 21. Qb3 {[%clk 0:30:13]} Qb7 {[%clk
0:53:12]} 22. Ne1 {[%clk 0:22:02]} Rxd5 {[%clk 0:45:27]} 23. Rxd5 {[%clk
0:22:15]} Qxd5 {[%clk 0:45:45]} 24. Qxd5 {[%clk 0:22:26]} Nxd5 {[%clk 0:46:14]}
25. Ra5 {[%clk 0:22:37]} Nf4 {[%clk 0:40:49]} 26. Bf1 {[%clk 0:17:52]} b4 {[%clk
0:40:05]} 27. c4 {[%clk 0:17:46]} Bd8 {[%clk 0:26:31]} 28. Ra4 {[%clk 0:14:19]}
Bb6 {[%clk 0:21:53]} 29. g3 {[%clk 0:11:49]} Ne6 {[%clk 0:22:14]} 30. Bg2 {[%clk
0:10:57]} b3 {[%clk 0:18:49]} 31. Nd3 {[%clk 0:09:14]} Bd4 {[%clk 0:18:17]} 32.
c5 {[%clk 0:07:18]} Nxc5 {[%clk 0:17:01]} 33. Nxc5 {[%clk 0:07:40]} dxc5 {[%clk
0:16:40]} 34. Bd5 {[%clk 0:07:44]} g6 {[%clk 0:16:20]} 35. Ra3 {[%clk 0:07:35]}
Bxb2 {[%clk 0:16:01]} 36. Rxb3 {[%clk 0:07:59]} Rxb3 {[%clk 0:14:58]} 37. Bxb3
{[%clk 0:08:23]} Kg7 {[%clk 0:14:59]} 38. Kf1 {[%clk 0:07:53]} f5 {[%clk
0:12:23]} 39. Ke2 {[%clk 0:07:59]} Kf6 {[%clk 0:12:06]} 40. f3 {[%clk 0:36:08]}
Bd4 {[%clk 0:41:03]} 41. Bg8 {[%clk 0:29:41]} h6 {[%clk 0:39:08]} 42. Bd5 {[%clk
0:29:50]} Kg5 {[%clk 0:29:10]} 43. Bf7 {[%clk 0:20:38]} e4 {[%clk 0:23:39]} 44.
Bd5 {[%clk 0:16:12]} exf3+ {[%clk 0:20:31]} 45. Kxf3 {[%clk 0:16:38]} Kf6 {[%clk
0:13:46]} 46. Bc4 {[%clk 0:14:15]} Bg1 {[%clk 0:13:31]} 47. Kg2 {[%clk 0:13:59]}
Be3 {[%clk 0:13:50]} 48. Kf3 {[%clk 0:14:25]} Bc1 {[%clk 0:14:16]} 49. h4 {[%clk
0:13:32]} Ke5 {[%clk 0:13:02]} 50. Bf7 {[%clk 0:10:12]} g5 {[%clk 0:12:47]} 51.
hxg5 {[%clk 0:09:28]} hxg5 {[%clk 0:12:53]} 52. Ba2 {[%clk 0:09:38]} Kd4 {[%clk
0:08:52]} 53. Bb1 {[%clk 0:09:46]} f4 {[%clk 0:08:26]} 54. g4 {[%clk 0:10:13]} c4
{[%clk 0:07:32]} 55. Bf5 {[%clk 0:07:21]} Kc3 {[%clk 0:07:38]} 56. Be6 {[%clk
0:07:30]} Kd3 {[%clk 0:07:58]} 57. Bf5+ {[%clk 0:07:48]} Kd2 {[%clk 0:08:24]} 0-1

[Event "Greek Team Championship"]
[Site "chess24.com"]
[Date "2017.07.07"]
[Round "6"]
[White "Tsironis, Alexandros"]
[Black "Poulopoulos, Ioannis"]
[Result "1/2-1/2"]
[Board "4"]
[WhiteElo "2006"]
[WhiteCountry "GRE"]
[WhiteFideId "4262980"]
[WhiteEloChange "6"]
[BlackElo "2252"]
[BlackCountry "GRE"]
[BlackFideId "4218078"]
[BlackEloChange "-6"]

1. e4 {[%clk 1:27:43]} c5 {[%clk 1:30:47]} 2. Nf3 {[%clk 1:28:09]} d6 {[%clk
1:30:58]} 3. d4 {[%clk 1:28:35]} cxd4 {[%clk 1:31:13]} 4. Nxd4 {[%clk 1:29:03]}
Nf6 {[%clk 1:31:24]} 5. Nc3 {[%clk 1:29:28]} a6 {[%clk 1:31:30]} 6. Bg5 {[%clk
1:29:38]} e6 {[%clk 1:31:39]} 7. f4 {[%clk 1:29:53]} Be7 {[%clk 1:31:47]} 8. Qf3
{[%clk 1:30:04]} Qc7 {[%clk 1:31:56]} 9. O-O-O {[%clk 1:30:24]} Nbd7 {[%clk
1:32:12]} 10. g4 {[%clk 1:30:44]} h6 {[%clk 1:32:10]} 11. Bxf6 {[%clk 1:17:54]}
Bxf6 {[%clk 1:32:33]} 12. h4 {[%clk 1:06:58]} Qb6 {[%clk 1:32:29]} 13. Nb3 {[%clk
1:01:27]} Be7 {[%clk 1:31:25]} 14. Kb1 {[%clk 0:50:25]} Qc7 {[%clk 1:20:21]} 15.
g5 {[%clk 0:41:22]} b5 {[%clk 1:01:56]} 16. g6 {[%clk 0:38:30]} O-O {[%clk
0:56:48]} 17. Bh3 {[%clk 0:32:09]} Nc5 {[%clk 0:39:07]} 18. gxf7+ {[%clk
0:31:18]} Rxf7 {[%clk 0:39:18]} 19. Nxc5 {[%clk 0:30:41]} Qxc5 {[%clk 0:32:31]}
20. e5 {[%clk 0:26:13]} d5 {[%clk 0:32:55]} 21. Rhg1 {[%clk 0:18:31]} Ra7 {[%clk
0:25:50]} 22. Qh5 {[%clk 0:15:17]} Qe3 {[%clk 0:24:10]} 23. Qg4 {[%clk 0:02:06]}
Qxf4 {[%clk 0:18:11]} 24. Nxd5 {[%clk 0:02:03]} Qxe5 {[%clk 0:14:35]} 25. Nxe7+
{[%clk 0:01:45]} Raxe7 {[%clk 0:14:48]} 26. Rd8+ {[%clk 0:01:27]} Rf8 {[%clk
0:15:08]} 27. Rxf8+ {[%clk 0:01:01]} Kxf8 {[%clk 0:15:24]} 28. Rd1 {[%clk
0:00:52]} Rd7 {[%clk 0:12:33]} 29. Qb4+ {[%clk 0:00:38]} Kg8 {[%clk 0:11:32]} 30.
Re1 {[%clk 0:01:04]} Rd6 {[%clk 0:10:49]} 31. a3 {[%clk 0:01:14]} Qg3 {[%clk
0:10:10]} 32. Bg4 {[%clk 0:01:39]} Bd7 {[%clk 0:06:54]} 33. Re4 {[%clk 0:02:08]}
Qg1+ {[%clk 0:04:40]} 34. Ka2 {[%clk 0:02:01]} Qb6 {[%clk 0:05:06]} 35. Rf4
{[%clk 0:01:33]} a5 {[%clk 0:03:21]} 36. Qe4 {[%clk 0:01:41]} Qc5 {[%clk
0:01:30]} 37. Qa8+ {[%clk 0:00:52]} Kh7 {[%clk 0:01:37]} 38. Bf3 {[%clk 0:00:36]}
Bc6 {[%clk 0:01:01]} 39. Be4+ {[%clk 0:00:41]} Bxe4 {[%clk 0:01:15]} 40. Qxe4+
{[%clk 0:31:02]} Kg8 {[%clk 0:31:29]} 41. Qa8+ {[%clk 0:24:53]} Kh7 {[%clk
0:31:41]} 42. Qe4+ {[%clk 0:22:35]} Kg8 {[%clk 0:32:05]} 43. Qa8+ {[%clk
0:22:35]} 1/2-1/2

[Event "Greek Team Championship"]
[Site "chess24.com"]
[Date "2017.07.07"]
[Round "6"]
[White "Lubbe, Melanie"]
[Black "Vatkali, Dimitra"]
[Result "1-0"]
[Board "5"]
[WhiteElo "2278"]
[WhiteTitle "WGM"]
[WhiteCountry "GER"]
[WhiteFideId "4690745"]
[WhiteEloChange "4"]
[BlackElo "2017"]
[BlackCountry "GRE"]
[BlackFideId "4200705"]
[BlackEloChange "-4"]

1. d4 {[%clk 1:29:57]} d5 {[%clk 1:28:59]} 2. Nc3 {[%clk 1:30:22]} g6 {[%clk
1:24:15]} 3. Bf4 {[%clk 1:29:46]} Bg7 {[%clk 1:17:03]} 4. Qd2 {[%clk 1:27:29]} c6
{[%clk 1:12:02]} 5. O-O-O {[%clk 1:20:20]} b5 {[%clk 1:04:31]} 6. Kb1 {[%clk
1:16:27]} a5 {[%clk 0:57:34]} 7. e4 {[%clk 1:12:15]} b4 {[%clk 0:57:22]} 8. Na4
{[%clk 1:12:39]} Ba6 {[%clk 0:45:25]} 9. Bxa6 {[%clk 1:10:32]} Nxa6 {[%clk
0:45:40]} 10. e5 {[%clk 1:05:07]} e6 {[%clk 0:45:58]} 11. g4 {[%clk 1:01:16]} Qb8
{[%clk 0:40:52]} 12. Ne2 {[%clk 0:56:43]} Qb5 {[%clk 0:32:35]} 13. b3 {[%clk
0:57:02]} h5 {[%clk 0:32:31]} 14. gxh5 {[%clk 0:53:33]} Rxh5 {[%clk 0:32:54]} 15.
h4 {[%clk 0:51:02]} Ne7 {[%clk 0:25:19]} 16. Ng3 {[%clk 0:49:17]} Rh8 {[%clk
0:13:50]} 17. h5 {[%clk 0:49:29]} Bf8 {[%clk 0:07:21]} 18. hxg6 {[%clk 0:45:09]}
Nxg6 {[%clk 0:07:40]} 19. Rxh8 {[%clk 0:44:50]} Nxh8 {[%clk 0:08:08]} 20. Bg5
{[%clk 0:43:13]} c5 {[%clk 0:06:47]} 21. dxc5 {[%clk 0:22:51]} Nxc5 {[%clk
0:07:14]} 22. c4 {[%clk 0:22:25]} bxc3 {[%clk 0:07:27]} 23. Nxc3 {[%clk 0:21:03]}
Qb7 {[%clk 0:00:40]} 24. Nge4 {[%clk 0:16:57]} Nxe4 {[%clk 0:01:07]} 25. Nxe4
{[%clk 0:17:21]} Be7 {[%clk 0:00:54]} 26. Bxe7 {[%clk 0:16:15]} Qxe7 {[%clk
0:01:18]} 27. Nf6+ {[%clk 0:15:30]} Kd8 {[%clk 0:01:39]} 28. Nxd5 {[%clk
0:14:55]} exd5 {[%clk 0:02:05]} 29. Qxd5+ {[%clk 0:15:21]} Kc7 {[%clk 0:02:31]}
30. Qxa8 {[%clk 0:15:41]} Qxe5 {[%clk 0:02:56]} 31. Qd8+ {[%clk 0:14:38]} Kc6
{[%clk 0:03:21]} 32. Qd7+ {[%clk 0:14:31]} 1-0